Electrical wiring estimating and costing (Record no. 31197)

MARC details
000 -LEADER
fixed length control field 00339nam a2200133Ia 4500
082 ## - DEWEY DECIMAL CLASSIFICATION NUMBER
Classification number 621.315
Item number UPP
100 ## - MAIN ENTRY--AUTHOR NAME
Personal name Laroia, J M
245 #0 - TITLE STATEMENT
Title Electrical wiring estimating and costing
260 ## - PUBLICATION, DISTRIBUTION, ETC. (IMPRINT)
Place of publication Delhi
Name of publisher Khanna
Year of publication 1978
650 ## - SUBJECT ADDED ENTRY--TOPICAL TERM
Topical Term Electrical wiring
700 ## - ADDED ENTRY--PERSONAL NAME
Personal name Uppal, S L
942 ## - ADDED ENTRY ELEMENTS (KOHA)
Koha item type Books
Holdings
Withdrawn status Lost status Damaged status Not for loan Home library Current library Date acquired Cost, normal purchase price Full call number Accession Number Koha item type
        RRII Library RRII Library 16/12/2021 20.00 621.315 UPP 11749 Books